01296cam a22003375a 45000010009000000050017000090080041000260200031000670400028000980820019001261000028001452450122001732460023002952500012003182600058003303000036003884900021004244900032004455000024004775040041005016500061005426500061006036510010006646530030006746550024007047000022007287000036007509420019007869990017008059520136008221798714120150727120917.0140103s2014 enka frbf f001 0 eng d a9780199679850 (flexicover) aDLCbengcDLCdEG-ScBUE04a617.6bMIT2221 aMitchell, David.93825110aOxford handbook of clinical dentistry /cDavid A. Mitchell and Laura Mitchell ; with contributions from Lorna McCaul.30aClinical dentistry a6th ed. aOxford ;aNew York :bOxford University Press,c2014. axviii, 794 p. ;bill. ;c14 cm.0 aOxford handbooks0 aOxford Medical Publications aIndex : p. 779-794. aIncludes bibliographical references. 0aMouth DiseasesxtherapyvHandbooks, manuals, etc.2BUEsh aTooth DiseasesxtherapyvHandbooks, manuals, etc.2BUEsh 2BUEsh bDDentcJune2015cJuly2015 vreading book9342321 aMitchell, Laura. 1 a McCaul, Lorna, econtributor.  2ddck617.6 MIT c19999d19971 00102ddc40708AlahramaMAINbMAINc0THd2015-06-28g194.00h306l0o617.6 MITp000039067r2025-07-15 00:00:00v242.50yREFERENCE